<?xml version="1.0" encoding="UTF-8"?>
<collection xmlns="http://www.loc.gov/MARC21/slim">
<record>
  <controlfield tag="001">170490</controlfield>
  <controlfield tag="005">20260424131321.0</controlfield>
  <datafield tag="037" ind1=" " ind2=" ">
    <subfield code="a">TESIS-2026-027</subfield>
  </datafield>
  <datafield tag="041" ind1=" " ind2=" ">
    <subfield code="a">spa</subfield>
  </datafield>
  <datafield tag="100" ind1="1" ind2=" ">
    <subfield code="a">Arrebola Ruiz, María</subfield>
  </datafield>
  <datafield tag="245" ind1="0" ind2="0">
    <subfield code="a">La representación de los yôkai en el manga publicado en España: orígenes y continuidad visual hasta la contemporaneidad</subfield>
  </datafield>
  <datafield tag="260" ind1=" " ind2=" ">
    <subfield code="a">Zaragoza</subfield>
    <subfield code="b">Universidad de Zaragoza, Prensas de la Universidad</subfield>
    <subfield code="c">2025</subfield>
  </datafield>
  <datafield tag="300" ind1=" " ind2=" ">
    <subfield code="a">908</subfield>
  </datafield>
  <datafield tag="490" ind1="0" ind2=" ">
    <subfield code="a">Tesis de la Universidad de Zaragoza</subfield>
    <subfield code="x">2254-7606</subfield>
    <subfield code="v">2026-27</subfield>
  </datafield>
  <datafield tag="500" ind1=" " ind2=" ">
    <subfield code="a">Presentado:  19 11 2025</subfield>
  </datafield>
  <datafield tag="502" ind1=" " ind2=" ">
    <subfield code="a">Tesis-Univ. Zaragoza,  , 2025</subfield>
    <subfield code="b">Zaragoza, Universidad de Zaragoza</subfield>
    <subfield code="c">2025</subfield>
  </datafield>
  <datafield tag="520" ind1=" " ind2=" ">
    <subfield code="a">Este trabajo de investigación se propone dar a conocer y poner en valor la abundancia y variedad del imaginario sobrenatural japonés que llega a España a través de las páginas del manga. Los seres mitológicos del folclore japonés, conocidos como yōkai, conforman un llamativo y extravagante abanico de criaturas que encuentran en las páginas de los mangas, el producto popular japonés por excelencia, un medio para darse a conocer más allá de las fronteras del archipiélago nipón.&lt;br />Para lograr dicho cometido, la investigación se divide en tres partes. La primera parte se enfoca en la definición explícita y completa de qué son los yōkai, analizando los factores del posible origen de estas creencias, la diversa terminología asociada con lo sobrenatural en Japón, su&lt;br />compleja clasificación taxonómica en enciclopedias ilustradas, poniendo en relevancia el método iniciado por Toriyama Sekien, y los diversos discursos que han surgido alrededor de esta extraña y misteriosa cultura.&lt;br />La segunda parte se trata de un capítulo dedicado al manga como vehículo difusor de la cultura nipona, tanto dentro como fuera de sus fronteras, además de presentar una breve aproximación a la industria del manga en Japón, y cómo esta industria comenzó a cobrar fuerza en&lt;br />España. También, en este capítulo se presenta el listado de las obras de manga seleccionadas para la investigación. Estas obras han sido elegidas en base a tres requisitos: su origen ha de ser Japón, el protagonismo debe recaer en los seres del folclore, y deben darse elementos propios de la cultura yōkai. Algunos ejemplos de esto son las relaciones de empatía entre humanos y yōkai, referencias evidentes al folclore y fuentes tradicionales, variedad, abundancia y creatividad en los diseños de los personajes, etc.&lt;br />La tercera parte constituye también la sección de mayor importancia de la investigación, un catálogo alfabético ilustrado compuesto por los diversos yōkai avistados en las páginas de los mangas previamente seleccionados. Haciendo referencia al Desfile nocturno de los cientos de&lt;br />demonios, o Hyakkiyagyō, el catálogo está compuesto por más de cien fichas que arrojan luz sobre diferentes criaturas. La información contenida es la propia en lo referente a un bestiario ilustrado, solo que las referencias visuales consisten en un recorrido visual desde obras datadas del periodo Edo hasta los mangas contemporáneos, poniendo de manifiesto la continuidad visual propia de las representaciones de monstruos a lo largo del tiempo.&lt;br />Los resultados de este trabajo ponen de manifiesto el rico y extravagante mundo de las criaturas míticas japonesas, las cuales aun encuentran cabida en el imaginario popular de la sociedad gracias a los productos de entretenimiento, como es el caso del manga, y a sus autores, quienes rescatan a estos seres fantásticos del olvido mediante su arte e historias, logrando que sean conocidos y apreciados a nivel global.&lt;br /></subfield>
  </datafield>
  <datafield tag="506" ind1=" " ind2=" ">
    <subfield code="a">by-nc</subfield>
    <subfield code="b">Creative Commons</subfield>
    <subfield code="c">3.0</subfield>
    <subfield code="u">http://creativecommons.org/licenses/by-nc/3.0/es</subfield>
  </datafield>
  <datafield tag="520" ind1=" " ind2=" ">
    <subfield code="a">&lt;br /></subfield>
  </datafield>
  <datafield tag="521" ind1=" " ind2=" ">
    <subfield code="9">7070</subfield>
    <subfield code="a">Programa de Doctorado en Historia del Arte</subfield>
  </datafield>
  <datafield tag="653" ind1="1" ind2=" ">
    <subfield code="a">yōkai</subfield>
  </datafield>
  <datafield tag="653" ind1="1" ind2=" ">
    <subfield code="a">folclore japonés </subfield>
  </datafield>
  <datafield tag="653" ind1="1" ind2=" ">
    <subfield code="a">manga </subfield>
  </datafield>
  <datafield tag="653" ind1="1" ind2=" ">
    <subfield code="a">iconografía</subfield>
  </datafield>
  <datafield tag="653" ind1="1" ind2=" ">
    <subfield code="a">bestiario</subfield>
  </datafield>
  <datafield tag="653" ind1="1" ind2=" ">
    <subfield code="a">industria cultural</subfield>
  </datafield>
  <datafield tag="653" ind1="1" ind2=" ">
    <subfield code="a">japón-españa</subfield>
  </datafield>
  <datafield tag="700" ind1=" " ind2=" ">
    <subfield code="a">Almazán Tomás, Vicente David </subfield>
    <subfield code="e">dir.</subfield>
  </datafield>
  <datafield tag="710" ind1="2" ind2=" ">
    <subfield code="a">Universidad de Zaragoza</subfield>
    <subfield code="b"> </subfield>
  </datafield>
  <datafield tag="830" ind1=" " ind2=" ">
    <subfield code="9">482</subfield>
  </datafield>
  <datafield tag="856" ind1="0" ind2=" ">
    <subfield code="f">cdeurop@unizar.es</subfield>
  </datafield>
  <datafield tag="856" ind1="4" ind2=" ">
    <subfield code="u">http://zaguan.unizar.es/record/170490/files/TESIS-2026-027.pdf</subfield>
    <subfield code="z">Texto completo (spa)</subfield>
  </datafield>
  <datafield tag="909" ind1="C" ind2="O">
    <subfield code="o">oai:zaguan.unizar.es:170490</subfield>
    <subfield code="p">driver</subfield>
    <subfield code="p">tesis</subfield>
  </datafield>
  <datafield tag="910" ind1="2" ind2=" ">
    <subfield code="a">Artes y Humanidades</subfield>
    <subfield code="b"> </subfield>
  </datafield>
  <datafield tag="691" ind1=" " ind2=" ">
    <subfield code="a">4</subfield>
  </datafield>
  <datafield tag="692" ind1=" " ind2=" ">
    <subfield code="a">Garantizar una educación de calidad inclusiva y equitativa, y promover las oportunidades de aprendizaje permanente para todos</subfield>
  </datafield>
  <datafield tag="540" ind1=" " ind2=" ">
    <subfield code="9">info:eu-repo/semantics/openAccess</subfield>
  </datafield>
  <datafield tag="980" ind1=" " ind2=" ">
    <subfield code="a">TESIS</subfield>
  </datafield>
</record>
</collection>